000 01107nam a2200289Ia 4500
003 OSt
005 20221005110602.0
006 a|||||r|||| 00| 0
007 ta
008 221004b |||||||| |||| 00| 0 hin d
020 _a9788126340842 (hbk)
_cINR 130.00
024 _a36973
037 _bBW/1696, 15/03/2018, Bookwell
_cTextual
040 _aCRL
_cCRL
_bhin
041 _2hin
_ahin
082 _aO157,3N09,NJ, 152Q2
100 _aआशापूर्णा देवी, ले.
245 0 _aन जाने कहॉं कहॉं
246 _aN jāne kahaॉan kahaॉan
260 _aनई दिल्ली
_bभारतीय ज्ञानपीठ भारत
_c2012
300 _a135पृ0
_ccm.
490 _aराष्ट्रभारती; ग्रन्थांक 563
650 _a बंगाली साहित्य
650 _aबंगाली कहानी
942 _hO157,3N09,NJ, 152Q2
_cTEXL
_2cc
999 _c1019288
_d1019288